Pembahagian harta perkahwinan menurut Islam : satu analisis berdasarkan undang-undang keluarga Islam di Malaysia /
Saved in:
| 主要作者: | |
|---|---|
| 格式: | Thesis |
| 語言: | English |
| 出版: |
Petaling Jaya
: Universiti Islam Antarabangsa Malaysia,
1993
|
| 主題: | |
| 在線閱讀: | http://studentrepo.iium.edu.my/handle/123456789/1730 |
| 標簽: |
添加標簽
沒有標簽, 成為第一個標記此記錄!
|
| LEADER | 012750000a22003010004500 | ||
|---|---|---|---|
| 001 | 71651 | ||
| 005 | 20230417170142.0 | ||
| 008 | 930904s1993 eng | ||
| 035 | |a 263110 | ||
| 035 | |a (Sirsi) 71651 | ||
| 040 | |a UIAM |b eng | ||
| 050 | |a BP158.5K34 | ||
| 100 | 1 | |a Noor Awang Hamat |9 69989 | |
| 245 | 1 | 0 | |a Pembahagian harta perkahwinan menurut Islam : |b satu analisis berdasarkan undang-undang keluarga Islam di Malaysia / |c oleh Noor bin Awang Hamat |
| 260 | 1 | |a Petaling Jaya |b : Universiti Islam Antarabangsa Malaysia, |c 1993 | |
| 300 | |a 122 p. | ||
| 336 | |2 rdacontent | ||
| 337 | |2 rdamedia | ||
| 338 | |2 rdacarrier | ||
| 502 | |a (D.A.I.J.)--Universiti Islam Antarabangsa Malaysia, 1993 | ||
| 650 | 0 | |a Marital property |9 69990 | |
| 650 | 0 | |a Equitable distribution of marital property |z Malaysia |9 66176 | |
| 856 | |u http://studentrepo.iium.edu.my/handle/123456789/1730 | ||
| 900 | |a ted-bal-rmb | ||
| 942 | |2 lcc |n 0 | ||
| 999 | |c 430329 |d 461820 | ||
| 952 | |0 0 |6 T BP158.5K34N818P 1993 |7 0 |8 THESES |9 749542 |a IIUM |b IIUM |c MULTIMEDIA |g 0.00 |o t BP158.5K34N818P 1993 |p 00010981667 |r 2017-10-17 |t 1 |v 0.00 |y THESIS | ||
| 952 | |0 0 |6 LU T BP158.5K34N818P 1993 |7 0 |8 THESES |9 749543 |a IIUM |b IIUM |c CLOSEACCES |g 0.00 |o lu t BP158.5K34N818P 1993 |p 00000263450 |r 2017-10-24 |t 1 |v 0.00 |y THESIS | ||
